00420nam a22000977a 450000500170000010000840001724501410010126000280024230000090027070000430027920260629140643.0 aDilshad Ahmed Zardaria21-MEEE-03aSupervisor - Prof.Dr. Abdul Qayoom Jakhrani  aInvestigating Permeability Response of Municipal Solid Waste Clay Composite as Foundation Material for Single Story Building (Thesis ME) aNawabshah bQUESTc2024 a80p. aDepartment of Environment Engineering